[Event "Tromsoe Nord op"]
[Site "Tromsoe"]
[Date "2017.10.28"]
[Round "11"]
[White "Berglund, Jan Sigmund"]
[Black "Schouten, Mathias Lind"]
[Result "1-0"]
[WhiteElo "2022"]
[BlackElo "1750"]
[PlyCount "65"]
[EventDate "2017.10.27"]
[EventType "swiss"]
[EventRounds "15"]
[EventCountry "NOR"]
[SourceTitle "EXT 2024"]
[Source "ChessBase"]
[SourceDate "2023.10.10"]
[SourceVersion "1"]
[SourceVersionDate "2023.10.10"]
[SourceQuality "1"]

1. d4 c5 2. e3 cxd4 3. exd4 g6 4. g3 Bg7 5. Bg2 Nf6 6. Ne2 0-0 7. 0-0 d6 8. b3 Nbd7 9. Bb2 Rb8 10. a4 b6 11. c4 a5 12. Nbc3 Bb7 13. Qd2 Bxg2 14. Kxg2 e5 15. Rad1 Re8 16. dxe5 dxe5 17. Nb5 Nc5 18. Qxd8 Rbxd8 19. Nc7 Rxd1 20. Rxd1 Re7 21. Rd8+ Bf8 22. Rc8 Nxb3 23. f4 Nd7 24. Nd5 Re6 25. fxe5 Nxe5 26. Nef4 Nxc4 27. Nxe6 fxe6 28. Nf6+ Kf7 29. Rxc4 Nc5 30. Ng4 Nd3 31. Rc7+ Ke8 32. Nf6+ Kd8 33. Rd7+ 1-0

[Event "Tromsoe NNM Master"]
[Site "Tromsoe"]
[Date "2017.06.02"]
[Round "1"]
[White "Machlik, Endre"]
[Black "Berglund, Jan Sigmund"]
[Result "1-0"]
[WhiteElo "2194"]
[BlackElo "2043"]
[PlyCount "77"]
[EventDate "2017.06.02"]
[EventType "swiss"]
[EventRounds "6"]
[EventCountry "NOR"]
[SourceTitle "EXT 2024"]
[Source "ChessBase"]
[SourceDate "2023.10.10"]
[SourceVersion "1"]
[SourceVersionDate "2023.10.10"]
[SourceQuality "1"]

1. d4 e6 2. c4 f5 3. Nc3 d5 4. Nf3 Nf6 5. Bf4 Be7 6. e3 0-0 7. Bd3 Na6 8. c5 Nb4 9. Bb5 a5 10. a3 Na6 11. 0-0 c6 12. Bd3 b5 13. cxb6 Qxb6 14. Na4 Qa7 15. Qd2 c5 16. Qxa5 c4 17. Bc2 Bd7 18. Ne5 Bd8 19. Qd2 Be8 20. h3 Ne4 21. Qe2 g5 22. Bh2 h5 23. g4 Qh7 24. f3 Nf6 25. Nc3 Nd7 26. gxf5 Nxe5 27. Bxe5 exf5 28. Nxd5 Rc8 29. b3 Nc7 30. bxc4 Nxd5 31. cxd5 Rc3 32. Rfc1 Qb7 33. Bd3 Rxc1+ 34. Rxc1 Bf7 35. Bd6 Re8 36. Bb5 Rxe3 37. Qxe3 Qxb5 38. Rc8 Qd7 39. Qxg5+ 1-0

[Event "Tromsoe Mars GP A"]
[Site "Tromsoe"]
[Date "2017.03.26"]
[Round "6"]
[White "Berglund, Jan Sigmund"]
[Black "Machlik, Monika"]
[Result "1-0"]
[WhiteElo "1909"]
[BlackElo "2058"]
[PlyCount "95"]
[EventDate "2017.03.24"]
[EventType "swiss"]
[EventRounds "7"]
[EventCountry "NOR"]
[SourceTitle "EXT 2024"]
[Source "ChessBase"]
[SourceDate "2023.10.10"]
[SourceVersion "1"]
[SourceVersionDate "2023.10.10"]
[SourceQuality "1"]

1. d4 Nf6 2. Bg5 e6 3. Nf3 h6 4. Bh4 c5 5. e3 b6 6. Nbd2 Bb7 7. Bg3 Be7 8. c3 0-0 9. Bd3 Nc6 10. Qe2 cxd4 11. exd4 d6 12. 0-0 Nb8 13. h3 Nbd7 14. Rfe1 Re8 15. Rad1 Rc8 16. Bb1 Qc7 17. Bh2 Rcd8 18. Nf1 Qc8 19. Ne3 Qa8 20. Nd2 Qc8 21. f3 Qa8 22. Qd3 Qc8 23. Ne4 Nxe4 24. fxe4 Nf6 25. Nf1 Qc6 26. Rd2 e5 27. Ng3 g6 28. Kh1 Qc8 29. Rf2 Kg7 30. d5 Ba6 31. Qd2 Rf8 32. b3 Qc7 33. Rf3 Nd7 34. Bg1 Bg5 35. Be3 Bxe3 36. Qxe3 Rc8 37. a4 Nc5 38. c4 Nd7 39. Ref1 Qc5 40. Qe2 Rce8 41. R1f2 Re7 42. h4 Qc8 43. h5 Ree8 44. Qf1 f6 45. hxg6 Kxg6 46. Nf5 Qc7 47. Rg3+ Kh7 48. Qc1 1-0

[Event "NOR North-ch"]
[Site "Tromsoe"]
[Date "2015.05.22"]
[Round "4"]
[White "Berglund, Jan Sigmund"]
[Black "Machlik, Monika"]
[Result "1/2-1/2"]
[WhiteElo "1932"]
[BlackElo "2030"]
[PlyCount "89"]
[EventDate "2015.05.22"]
[EventType "swiss"]
[EventRounds "6"]
[EventCountry "NOR"]
[SourceTitle "EXT 2024"]
[Source "ChessBase"]
[SourceDate "2023.10.10"]
[SourceVersion "1"]
[SourceVersionDate "2023.10.10"]
[SourceQuality "1"]

1. d4 Nf6 2. e3 e6 3. Bd3 d5 4. Nd2 c5 5. c3 Bd6 6. f4 0-0 7. Qf3 Nc6 8. Nh3 Ne8 9. g4 f6 10. g5 f5 11. Nf2 Qc7 12. Nf1 Rb8 13. Ng3 b5 14. a3 Ne7 15. 0-0 a5 16. Bd2 Bb7 17. Bxb5 Bc6 18. Bxc6 Nxc6 19. dxc5 Bxc5 20. Nd3 Be7 21. b4 Nd6 22. Nb2 Na7 23. Rfc1 Rfc8 24. Qg2 Qd7 25. Be1 Nc4 26. Nxc4 Rxc4 27. Qf1 Rbc8 28. Ne2 Nb5 29. a4 Nd6 30. b5 Ne4 31. Nd4 Bd8 32. Nc6 Bc7 33. Rd1 Qe8 34. Ra2 Bb6 35. Kg2 Rc7 36. Ne5 R4c5 37. Rc2 Nd6 38. Rdc1 Nc4 39. Qe2 Nxe5 40. fxe5 Rc8 41. c4 dxc4 42. Rxc4 Rxc4 43. Rxc4 Rxc4 44. Qxc4 Bxe3 45. Qc6 1/2-1/2

[Event "NOR North-ch"]
[Site "Tromsoe"]
[Date "2015.05.22"]
[Round "5"]
[White "Kaasen, Tor Fredrik"]
[Black "Berglund, Jan Sigmund"]
[Result "1-0"]
[WhiteElo "1987"]
[BlackElo "1932"]
[PlyCount "75"]
[EventDate "2015.05.22"]
[EventType "swiss"]
[EventRounds "6"]
[EventCountry "NOR"]
[SourceTitle "EXT 2024"]
[Source "ChessBase"]
[SourceDate "2023.10.10"]
[SourceVersion "1"]
[SourceVersionDate "2023.10.10"]
[SourceQuality "1"]

1. e4 d6 2. d4 Nf6 3. Nc3 g6 4. Nf3 Bg7 5. Be2 0-0 6. h3 c6 7. Be3 Nbd7 8. Qd2 a6 9. a4 b6 10. 0-0 Bb7 11. Bh6 c5 12. d5 Ne5 13. Nh4 e6 14. Bxg7 Kxg7 15. f4 Ned7 16. dxe6 fxe6 17. Qxd6 Nxe4 18. Nxe4 Bxe4 19. Bf3 Nf6 20. Qe5 Qb8 21. Rad1 Bxf3 22. Nxf3 Qxe5 23. fxe5 Nd5 24. Ng5 Rxf1+ 25. Rxf1 Kh6 26. h4 Kh5 27. c4 Ne3 28. Rf4 h6 29. Nxe6 g5 30. Re4 Ng4 31. Ng7+ Kg6 32. Rxg4 Kxg7 33. hxg5 h5 34. Rf4 b5 35. axb5 axb5 36. cxb5 Re8 37. Re4 Re6 38. Kh2 1-0

[Event "NOR North-ch"]
[Site "Tromsoe"]
[Date "2015.05.22"]
[Round "6"]
[White "Romsdal, Trond"]
[Black "Berglund, Jan Sigmund"]
[Result "1-0"]
[WhiteElo "2131"]
[BlackElo "1932"]
[PlyCount "101"]
[EventDate "2015.05.22"]
[EventType "swiss"]
[EventRounds "6"]
[EventCountry "NOR"]
[SourceTitle "EXT 2024"]
[Source "ChessBase"]
[SourceDate "2023.10.10"]
[SourceVersion "1"]
[SourceVersionDate "2023.10.10"]
[SourceQuality "1"]

1. e4 c5 2. Nc3 e6 3. g3 b6 4. Bg2 Bb7 5. Nge2 f5 6. d3 g6 7. 0-0 Bg7 8. Be3 Ne7 9. Qd2 0-0 10. Rae1 d6 11. Bh6 e5 12. Bxg7 Kxg7 13. f4 Nd7 14. fxe5 dxe5 15. exf5 Bxg2 16. Kxg2 gxf5 17. Qg5+ Kh8 18. Ng1 Rg8 19. Qh5 Qc7 20. Nf3 Raf8 21. Nh4 Qc6+ 22. Kg1 Qe6 23. Kh1 a6 24. a4 Rf6 25. Qf3 c4 26. dxc4 Qxc4 27. Qb7 Qe6 28. Qxa6 Rh6 29. Qd3 f4 30. Rxf4 Qh3 31. Rf2 Ng6 32. Qf5 Rxh4 33. gxh4 Qxh4 34. Rff1 Rg7 35. Rd1 Ndf8 36. Ne4 Qe7 37. Nd6 Nf4 38. Rfe1 N8g6 39. Ne4 Rf7 40. Qg5 Qb7 41. Qh6 Rd7 42. Rxd7 Qxd7 43. Qg5 Qf7 44. Qg3 Qf5 45. Qe3 Nd5 46. Qf2 Qe6 47. Qf3 Ndf4 48. Ng3 Qh3 49. Qb7 Qg4 50. Qe4 h5 51. Nf5 1-0

[Event "Tromsoe CC-ch"]
[Site "Tromsoe"]
[Date "2013.09.16"]
[Round "2"]
[White "Machlik, Monika"]
[Black "Berglund, Jan Sigmund"]
[Result "1/2-1/2"]
[WhiteElo "1859"]
[BlackElo "1971"]
[PlyCount "62"]
[EventDate "2013.09.19"]
[EventType "swiss"]
[EventRounds "9"]
[EventCountry "NOR"]
[SourceTitle "EXT 2024"]
[Source "ChessBase"]
[SourceDate "2023.10.10"]
[SourceVersion "1"]
[SourceVersionDate "2023.10.10"]
[SourceQuality "1"]

1. d4 e6 2. c4 f5 3. Nc3 d5 4. Nf3 Nf6 5. Bf4 Bd6 6. Bxd6 cxd6 7. e3 dxc4 8. Bxc4 0-0 9. 0-0 h6 10. Rc1 a6 11. a4 d5 12. Bd3 Nc6 13. Qb3 Qd6 14. Qa3 Qxa3 15. bxa3 Bd7 16. Rb1 Rfc8 17. Rfc1 Na5 18. Ne5 Be8 19. Kf1 Rc7 20. Ne2 Rac8 21. Rxc7 Rxc7 22. Nf4 Bxa4 23. Nxe6 Rc3 24. Nc5 Bc2 25. Bxc2 Rxc2 26. a4 Ne4 27. Nxe4 fxe4 28. Nd7 Nc4 29. Rxb7 Rc1+ 30. Ke2 Rc2+ 31. Kf1 Rc1+ 1/2-1/2

[Event "NOR North-ch"]
[Site "Tromsoe"]
[Date "2013.05.??"]
[Round "1"]
[White "Berglund, Jan Sigmund"]
[Black "Machlik, Edit"]
[Result "1-0"]
[WhiteElo "1975"]
[BlackElo "1750"]
[PlyCount "67"]
[EventDate "2013.05.09"]
[EventType "swiss"]
[EventRounds "6"]
[EventCountry "NOR"]
[SourceTitle "EXT 2024"]
[Source "ChessBase"]
[SourceDate "2023.10.10"]
[SourceVersion "1"]
[SourceVersionDate "2023.10.10"]
[SourceQuality "1"]

1. d4 d5 2. Nf3 Nf6 3. Bf4 e6 4. e3 Nbd7 5. Nbd2 b6 6. Bb5 Bd6 7. Ne5 0-0 8. 0-0 Bb7 9. c4 a6 10. Ba4 Bxe5 11. dxe5 Ne8 12. cxd5 exd5 13. Qg4 b5 14. Bc2 c5 15. Qh3 g6 16. Bh6 Ng7 17. f4 Qe7 18. f5 Qxe5 19. fxg6 Nf6 20. Rxf6 fxg6 21. Bxg7 Rxf6 22. Bxf6 Qxf6 23. Rf1 Qe7 24. Qh6 Rd8 25. Nf3 Rf8 26. Qg5 Qe6 27. Qe5 Qd7 28. Ng5 Rxf1+ 29. Kxf1 Bc8 30. h3 c4 31. Bd1 Qd8 32. Bf3 h6 33. Bxd5+ Kf8 34. Nh7# 1-0

[Event "NOR-ch North"]
[Site "Tromsoe"]
[Date "2011.06.10"]
[Round "6"]
[White "Romsdal, Trond"]
[Black "Berglund, Jan Sigmund"]
[Result "1-0"]
[WhiteElo "2069"]
[BlackElo "2005"]
[PlyCount "47"]
[EventDate "2011.06.10"]
[EventType "swiss"]
[EventRounds "6"]
[EventCountry "NOR"]
[SourceTitle "EXT 2023"]
[Source "ChessBase"]
[SourceDate "2022.10.05"]
[SourceVersion "1"]
[SourceVersionDate "2022.10.05"]
[SourceQuality "1"]

1. e4 g6 2. d4 Bg7 3. f4 c5 4. c3 cxd4 5. cxd4 Qb6 6. Nf3 Nc6 7. e5 d5 8. Nc3 Bg4 9. Nxd5 Qa5+ 10. Nc3 0-0-0 11. d5 e6 12. Bd2 exd5 13. Nb5 Qb6 14. Nd6+ Rxd6 15. exd6 Bxb2 16. Be2 Nf6 17. Rb1 Ne4 18. Qb3 Qf2+ 19. Kd1 Bxf3 20. gxf3 Nd4 21. Qd3 Qg2 22. fxe4 Qxh1+ 23. Be1 Nxe2 24. Rxb2 1-0

[Event "Tromsoe Nordlyssjakken op"]
[Site "Tromsoe"]
[Date "2010.03.04"]
[Round "3"]
[White "Romsdal, Trond"]
[Black "Berglund, Jan Sigmund"]
[Result "1/2-1/2"]
[WhiteElo "2198"]
[BlackElo "2153"]
[PlyCount "104"]
[EventDate "2010.03.04"]
[EventType "swiss"]
[EventRounds "5"]
[EventCountry "NOR"]
[SourceTitle "EXT 2012"]
[Source "ChessBase"]
[SourceDate "2011.11.24"]
[SourceVersion "1"]
[SourceVersionDate "2011.11.24"]
[SourceQuality "1"]

1. e4 e6 2. d4 d5 3. Nc3 Bb4 4. e5 c5 5. a3 Bxc3+ 6. bxc3 Ne7 7. Qg4 Qc7 8. Qxg7 Rg8 9. Qxh7 cxd4 10. Ne2 Nbc6 11. f4 Bd7 12. Qd3 dxc3 13. Qxc3 Rc8 14. Rb1 Nf5 15. Rg1 b5 16. Rxb5 Qd8 17. Rc5 Qh4+ 18. g3 Qxh2 19. Rg2 Qh1 20. Kf2 f6 21. exf6 Nd6 22. Ke1 Ne4 23. Qe3 Nxc5 24. Qxc5 Qh7 25. Qd6 Rf8 26. Bb2 Rb8 27. Nd4 Rxb2 28. Nxc6 Rb1+ 29. Kd2 Rxf1 30. f7+ Kxf7 31. Qxd7+ Kg8 32. Ne7+ Kh8 33. Qxe6 Rd1+ 34. Kc3 Qg7+ 35. Qe5 Qxe5+ 36. fxe5 Re8 37. Ng6+ Kg7 38. Nf4 Rxe5 39. Nd3 Re4 40. Rf2 Rg1 41. Rf5 d4+ 42. Kc4 Rg2 43. Kd5 Re7 44. Kxd4 Rxc2 45. Ne5 Rd2+ 46. Ke4 Ra2 47. Rg5+ Kh6 48. Rg6+ Kh7 49. Rg5 Rxa3 50. g4 Rh3 51. Kd5 Rg7 52. Rf5 a5 1/2-1/2

[Event "Tromsoe CC-ch"]
[Site "Tromsoe"]
[Date "2009.09.17"]
[Round "1"]
[White "Berglund, Jan Sigmund"]
[Black "Joensen, John"]
[Result "0-1"]
[WhiteElo "1998"]
[BlackElo "1738"]
[PlyCount "88"]
[EventDate "2009.09.17"]
[EventType "swiss"]
[EventRounds "9"]
[EventCountry "NOR"]
[SourceTitle "EXT 2024"]
[Source "ChessBase"]
[SourceDate "2023.10.10"]
[SourceVersion "1"]
[SourceVersionDate "2023.10.10"]
[SourceQuality "1"]

1. d4 d5 2. Nf3 Nf6 3. g3 Bf5 4. Bg2 e6 5. 0-0 Bd6 6. c4 c6 7. Nc3 h6 8. Ne5 Nbd7 9. f4 h5 10. h3 Rc8 11. c5 Bb8 12. b4 Ne4 13. Nxe4 Bxe4 14. Bxe4 dxe4 15. e3 Qf6 16. Qc2 Qf5 17. Qg2 Nf6 18. Bd2 Nd5 19. a4 Ne7 20. Rab1 f6 21. g4 hxg4 22. hxg4 Qh7 23. Nc4 Ng6 24. Be1 Kd7 25. b5 Ne7 26. bxc6+ bxc6 27. Rb7+ Rc7 28. Rb3 Rcc8 29. Bg3 Qg6 30. Rb7+ Rc7 31. Rfb1 Qxg4 32. Rxb8 Rxb8 33. Rxb8 Nf5 34. Be1 Qd1 35. Qf2 Qg4+ 36. Kf1 Ke7 37. Nd2 Qh3+ 38. Ke2 Qh5+ 39. Kf1 Qh1+ 40. Qg1 Nxe3+ 41. Kf2 Nd1+ 42. Kf1 Qh3+ 43. Ke2 Nc3+ 44. Kf2 e3# 0-1

[Event "Kalotturneringen"]
[Site "Hammerfest"]
[Date "2007.10.06"]
[Round "5"]
[White "Berglund, Jan Sigmund"]
[Black "Flermoen, Peter"]
[Result "1/2-1/2"]
[WhiteElo "1986"]
[BlackElo "1508"]
[PlyCount "112"]
[EventDate "2007.10.05"]
[EventType "swiss"]
[EventRounds "7"]
[EventCountry "NOR"]
[SourceTitle "EXT 2010"]
[Source "ChessBase"]
[SourceDate "2010.11.25"]
[SourceVersion "1"]
[SourceVersionDate "2010.11.25"]
[SourceQuality "1"]

1. Nf3 e6 2. g3 Nf6 3. Bg2 d5 4. 0-0 Bd6 5. d4 Nbd7 6. Nbd2 0-0 7. c4 b6 8. b3 Bb7 9. Bb2 Qe7 10. Qc2 Rac8 11. a4 Rfe8 12. a5 a6 13. e3 Bb4 14. axb6 cxb6 15. Ne5 Nxe5 16. dxe5 Nd7 17. f4 b5 18. Nf3 bxc4 19. Ng5 Nf8 20. bxc4 Rxc4 21. Qd3 Rec8 22. Rf2 a5 23. h4 Ba6 24. Qd1 h6 25. Nf3 Bb5 26. Nd4 Bd7 27. Bf1 R4c7 28. f5 exf5 29. Nxf5 Bxf5 30. Rxf5 Rc2 31. Bd4 Rd2 32. Qf3 Qd7 33. g4 Rcc2 34. Bh3 Ng6 35. Qg3 Rh2 36. Raf1 Nxh4 37. Rxf7 Qe6 38. Qxh2 Rxh2 39. Kxh2 Qxf7 40. Rxf7 Kxf7 41. e6+ Kxe6 42. Bxg7 Nf3+ 43. Kg3 Ng5 44. Bf1 Nf7 45. Bb5 Bd6+ 46. Kf3 Be5 47. Bf8 Bd6 48. Bg7 Ne5+ 49. Bxe5 Kxe5 50. Ke2 Bf8 51. Kd3 Bg7 52. Ba4 Kd6 53. Bb3 Kc5 54. Kc2 Bf6 55. Kd3 Bg5 56. Ba4 Bf6 1/2-1/2

[Event "Kalotturneringen"]
[Site "Hammerfest"]
[Date "2007.10.05"]
[Round "1"]
[White "Pedersen, Birger"]
[Black "Berglund, Jan Sigmund"]
[Result "0-1"]
[WhiteElo "1213"]
[BlackElo "1986"]
[PlyCount "50"]
[EventDate "2007.10.05"]
[EventType "swiss"]
[EventRounds "7"]
[EventCountry "NOR"]
[SourceTitle "EXT 2010"]
[Source "ChessBase"]
[SourceDate "2010.11.25"]
[SourceVersion "1"]
[SourceVersionDate "2010.11.25"]
[SourceQuality "1"]

1. e4 e6 2. f4 d5 3. exd5 exd5 4. Nf3 Bd6 5. Qe2+ Ne7 6. d4 0-0 7. Qd3 Bf5 8. Qb3 c5 9. Qxb7 Nbc6 10. Ne5 Nxd4 11. c3 Nc2+ 12. Kf2 Nxa1 13. Nc6 Nxc6 14. Qxc6 Bxb1 15. Qxd5 Qf6 16. g3 Rad8 17. Bc4 Bxf4 18. Qf3 Be4 19. Qxe4 Bxc1+ 20. Kg2 Rd2+ 21. Kh3 Qh6+ 22. Kg4 Rxh2 23. Bxf7+ Rxf7 24. Qa8+ Rf8 25. Qd5+ Kh8 0-1

[Event "Tromsoe Bymesterskap-A"]
[Site "Tromsoe"]
[Date "2007.02.27"]
[Round "5"]
[White "Romsdal, Trond"]
[Black "Berglund, Jan Sigmund"]
[Result "1-0"]
[WhiteElo "2111"]
[BlackElo "1953"]
[PlyCount "27"]
[EventDate "2007.01.16"]
[EventType "swiss"]
[EventRounds "7"]
[EventCountry "NOR"]
[SourceTitle "EXT 2010"]
[Source "ChessBase"]
[SourceDate "2010.11.25"]
[SourceVersion "1"]
[SourceVersionDate "2010.11.25"]
[SourceQuality "1"]

1. e4 e5 2. Nf3 Nc6 3. Bb5 a6 4. Ba4 b5 5. Bb3 Na5 6. Nxe5 Nxb3 7. axb3 Qe7 8. d4 f6 9. Nf3 Qxe4+ 10. Be3 Bb7 11. 0-0 Bd6 12. Re1 Ne7 13. c4 Bb4 14. Bd2 1-0